MARC

LEADER 00000nam0a2200000 4500
001 361878
005 20231102011431.0
035 |a (RuTPU)RU\TPU\retro\19224 
090 |a 361878 
100 |a 20210706d1980 m y0rusy50 ca 
101 0 |a rus 
102 |a RU 
105 |a a j 001zy 
200 1 |a Аналитическая химия  |e учебное пособие для средних специальных учебных заведений  |f К. М. Ольшанова, С. К. Пискарева, К. М. Барашков 
210 |a Москва  |c Химия  |d !980 
215 |a 400 с.  |c ил. 
320 |a Предм. указ.: с. 391-399 
606 1 |a Аналитическая химия  |2 stltpush  |3 (RuTPU)RU\TPU\subj\67454  |9 83247 
610 1 |a учебные пособия 
610 1 |a качественный анализ 
610 1 |a катионы 
610 1 |a анионы 
610 1 |a количественный анализ 
610 1 |a гравиметрические методы 
610 1 |a титриметрический анализ 
610 1 |a кислотно-основное титрование 
610 1 |a комплексометрическое титрование 
610 1 |a математическая статистика 
610 1 |a хроматография 
610 1 |a колориметрия 
610 1 |a рефрактометрия 
675 |a 543(075.3)  |v 4 
700 1 |a Ольшанова  |b К. М.  |g Калерия Максимовна 
701 1 |a Пискарева  |b С. К.  |g Светлана Константиновна 
701 1 |a Барашков  |b К. М.  |g Константин Михайлович 
801 1 |a RU  |b 63413507  |c 20210706 
942 |c BK